El delito invisible

Detalles Bibliográficos
Autor principal: Jimňez, Ana Mara̕
Otros Autores: Bonilla, Margarita, Arv̌alo, Liz, Sandoval, Natalia
Formato: eBook
Lenguaje:español
Publicado: Bogot:̀ Comisin̤ Colombiana de Juristas, 2009
Materias:
Acceso en línea:Acceso restringido

MARC

LEADER 00000nam a22000007a 4500
005 20200309232146.0
007 cr|||| ||||
008 200309s2009 co |||||s|||| 00||0 spa d
020 |a 978-958-98137-2-0 
035 |a 31191 
040 |a vLex 
090 |c 10213  |d 10213 
100 1 |a Jimňez, Ana Mara̕ 
245 1 2 |a El delito invisible  |h [Recurso electrn̤ico] /  |c Ana Mara̕ Jimňez, Margarita Bonilla, Liz Arv̌alo, Natalia Sandoval 
256 |a Servicio en ln̕ea 
260 |a Bogot:̀  |b Comisin̤ Colombiana de Juristas,  |c 2009 
300 |a 1 recurso electrn̤ico 
506 1 |a Disponible solo en los productos indicados  |d vLex Global  |d vLex Global (Academic Edition, excluding Law Schools)  |d vLex Global (U.S. Academic Edition, Law Schools)  |d vLex Global (U.S. Academic Edition, excluding Law Schools)  |d vLex Global (Academic Edition, Law Schools) 
650 0 4 |a Derecho Internacional  |z Colombia 
650 0 4 |a Derecho Penal  |z Colombia 
700 1 |a Bonilla, Margarita 
700 1 |a Arv̌alo, Liz 
700 1 |a Sandoval, Natalia 
740 0 |a vLex Libros (Servicio en ln̕ea) 
856 4 0 |u http://vlex.com/source/delito-invisible-31191  |z Acceso restringido 
942 |c BOOK 
999 0 |a International Law 
999 0 |a Criminal Law